Statistics for Formula 1 drivers with poles, but no wins

Click here to take the quiz!

General Stats

  • This quiz has been taken 76 times
    (46 since last reset)
  • The average score is 5 of 13

Answer Stats

CountryNumber of polesDriver% Correct
Canada1Lance Stroll
86%
Germany1Nico Hulkenberg
83%
UK1Lando Norris
71%
Germany1Nick Heidfeld
57%
New Zealand5Chris Amon
45%
Italy1Andrea de Cesaris
29%
Italy3Teo Fabi
26%
United Kingdom1Tom Pryce
24%
France3Jean-Pierre Jarier
19%
United Kingdom2Stuart Lewis-Evans
17%
United Kingdom1Mike Parkes
14%
Italy1Bruno Giacomelli
10%
Italy1Eugenio Castelotti
10%

Score Distribution

Percentile by Number Answered

Percent of People with Each Score

Your Score History

You have not taken this quiz since the last reset